000 00536nam a22001937a 4500
003 0
005 20241113150216.0
008 241113b xxu||||| |||| 00| 0 eng d
020 _a978-0-394-80016-5
050 _aTR PZ 8.3
_bSe496 1988
082 _aTR 808
_bSe496 1988
100 _aDr. Seuss
245 _aGreen eggs and ham
_cDr, Seuss.
260 _aNew York :
_bRandom House Children's Books,
_c1988.
300 _a62 p. :
_bcol. ill. ;
_c24 cm.
650 _aStories in rhyme.
650 _aChildren stories.
942 _2ddc
_cBK
999 _c366704
_d366704